| 000 | 00338nam a22001457a 4500 | ||
|---|---|---|---|
| 003 | OSt | ||
| 005 | 20211229154313.0 | ||
| 008 | 211229b |||||||| |||| 00| 0 eng d | ||
| 020 | _a0471555800 | ||
| 040 | _cHU | ||
| 082 | _a005.453 | ||
| 100 |
_aMak Ronald _926145 |
||
| 245 | _aWriting Compilers and Interpreters | ||
| 942 |
_2ddc _cBOOKS _n0 |
||
| 999 |
_c25079 _d25079 |
||